La Rusia de los zares: Durante la Gran Guerra

Guardat en:
Dades bibliogràfiques
Autor principal: Paléologue, Maurice (autor)
Format: Llibre
Idioma:espanyol
Publicat: Santiago Osiris 1934
Edició:1a. ed
Matèries:
Etiquetes: Afegir etiqueta
Sense etiquetes, Sigues el primer a etiquetar aquest registre!

MARC

LEADER 00000nam a2200000 a 4500
001 UCH1990
003 CL-VaPUC
008 090520e19340000CL |||||||||||||||||spa|d
082 0 4 |a 947.083  |b PAL  |2 21 
100 |a Paléologue, Maurice  |e autor  |9 364557 
245 1 3 |a La Rusia de los zares: Durante la Gran Guerra 
250 |a 1a. ed 
300 |a 301 p 
942 |c BK 
945 |d 20090520 00:00:00  |a dcastane 
260 |a Santiago  |b Osiris  |c 1934 
600 0 |a Nicolás II,  |c Emperador de Rusia  |d 1868-1918  |9 343089 
650 0 |a Historia de Rusia  |9 343091 
650 0 |a Primera Guerra Mundial   |9 373283 
650 7 |a HISTORIA 1916-1917  |2 CL-VaPUC  |9 536618 
650 0 |a Fuentes Históricas  |9 265141 
650 7 |a IMPERIO RUSO  |2 CL-VaPUC  |9 436261 
651 0 |a Rusia   |9 256106 
583 |a last modification  |c 20090520 00:00:00  |k Rodrigo Vera 
999 |c 333859  |d 333857 
952 |0 0  |1 0  |4 0  |6 947_083000000000000_PAL_1934  |7 0  |8 A  |9 422502  |a BIBHIS  |b BIBHIS  |d 2019-11-22  |i 4517547  |o 947.083 PAL 1934  |p 4517547  |r 2025-01-20  |w 2019-11-22  |y BK  |k HIS